Sociología y psicología social de la familia
Guardat en:
| Autor principal: | |
|---|---|
| Format: | Llibre |
| Idioma: | espanyol |
| Publicat: |
Buenos Aires
Paidos
1967
|
| Col·lecció: | Biblioteca del educador contemporaneo
|
| Matèries: | |
| Etiquetes: |
Afegir etiqueta
Sense etiquetes, Sigues el primer a etiquetar aquest registre!
|
MARC
| LEADER | 00000nam a2200000 a 4500 | ||
|---|---|---|---|
| 001 | UCY4865 | ||
| 003 | CL-VaPUC | ||
| 008 | 950404e19670000AG |||||||||||||||||spa|d | ||
| 082 | 0 | 4 | |a 306.8 |b JOH |2 21 |
| 100 | |a Johnson, Harry Morton |e author |9 333385 | ||
| 245 | 1 | 0 | |a Sociología y psicología social de la familia |
| 300 | |a 153 p | ||
| 942 | |c BK | ||
| 945 | |d 19950404 00:00:00 |a rbrito | ||
| 260 | |a Buenos Aires |b Paidos |c 1967 | ||
| 650 | 0 | |a Familias |9 255641 | |
| 650 | 0 | |a Aspectos sociológicos |9 309271 | |
| 650 | 0 | |a Psicología social |9 222894 | |
| 650 | 7 | |a MATRIMONIO |2 CL-VaPUC |9 333386 | |
| 583 | |a last modification |c 19950404 00:00:00 |k Rodrigo Vera | ||
| 490 | 0 | |a Biblioteca del educador contemporaneo | |
| 999 | |c 232620 |d 232618 | ||
| 952 | |0 0 |1 0 |4 0 |6 306_800000000000000_JOH_1967 |7 0 |8 P |9 237363 |a BIBEDU |b BIBEDU |c BIBEDU_PB |d 2019-11-15 |i 3072215 |o 306.8 JOH 1967 |p 3072215 |r 2024-01-25 |w 2019-11-15 |y BK |k EDU | ||
| 952 | |0 0 |1 0 |4 0 |6 306_800000000000000_JOH_1967 |7 0 |8 P |9 237364 |a BIBEDU |b BIBEDU |c BIBEDU_PB |d 2019-11-15 |i 3072223 |o 306.8 JOH 1967 |p 3072223 |r 2024-01-25 |w 2019-11-15 |y BK |k EDU | ||
| 952 | |0 0 |1 0 |4 0 |6 306_800000000000000_JOH_1967 |7 0 |8 P |9 237365 |a BIBEDU |b BIBEDU |c BIBEDU_PB |d 2019-11-15 |i 3072231 |o 306.8 JOH 1967 |p 3072231 |r 2024-01-25 |w 2019-11-15 |y BK |k EDU | ||